Home Print Resources E-Books E-Journals IIMT Lecture Series Library Membership Form Book Recommendation Form Campus Tour Take AdmissionAbout Us Contact Us

AAHAR VIGYAN (Record no. 65101)

000 -LEADER
fixed length control field 00373nam a22001577a 4500
003 - CONTROL NUMBER IDENTIFIER
control field OSt
005 - DATE AND TIME OF LATEST TRANSACTION
control field 20250123154802.0
008 - FIXED-LENGTH DATA ELEMENTS--GENERAL INFORMATION
fixed length control field 250123b |||||||| |||| 00| 0 eng d
020 ## - INTERNATIONAL STANDARD BOOK NUMBER
International Standard Book Number 978-93-95161-64-0
040 ## - CATALOGING SOURCE
Transcribing agency IIMT UNIVERSITY
100 ## - MAIN ENTRY--PERSONAL NAME
Personal name SAHAY, DEVINA
245 ## - TITLE STATEMENT
Title AAHAR VIGYAN
260 ## - PUBLICATION, DISTRIBUTION, ETC.
Place of publication, distribution, etc. NEW DELHI
Name of publisher, distributor, etc. NEW AGE INT. PUB.
Date of publication, distribution, etc. 2023
300 ## - PHYSICAL DESCRIPTION
Extent 428
942 ## - ADDED ENTRY ELEMENTS (KOHA)
Source of classification or shelving scheme
Koha item type Specimen
Holdings
Withdrawn status Lost status Source of classification or shelving scheme Damaged status Not for loan Home library Current library Date acquired Source of acquisition Cost, normal purchase price Inventory number Total Checkouts Barcode Date last seen Date last checked out Uniform Resource Identifier Price effective from Koha item type
          IIMT UNIVERSITY CENTRAL LIBRARY ( GENERAL/ GIFTED BOOKS) IIMT UNIVERSITY CENTRAL LIBRARY ( GENERAL/ GIFTED BOOKS) 01/23/2025 NEW AGE INT. PUB. 450.00 SPECIMEN 2 28-S-4126 10/16/2025 10/08/2025 Home Science 01/23/2025 Text-Book- for 7 days
IIMT, Central Library. All Rights Reserved IIMT,UNIVERSITY © 2023
Implemented and Customised by I CLOUDE EMS
You Are OPAC Visitor No
free web counter

Powered by Koha